000 00801nam a2200301Ia 4500
001 60468
003 IT-RoPAU
008 130308s9999 xx 000 0 und d
040 _aIT-RoPAU
040 _cIT-RoPAU
041 _aFRANCESE
100 _aKerbrat-Orecchioni Catherine
100 _gCodice Aut. SPICS: 5103
245 _aMise en places (La)
245 _bDecrire la Conversation
250 _a1a ed.
260 _aLYON
260 _bPresses Universitaires
260 _c1987 [1° Ed.:1987 - Ed.Ling.Originale:1987]
300 _a"34 p. (prefazione: no ; testo: 34 [pagine: 319-352])"
500 _aDescrizione dei Tassemi Verbali
650 _aSAGGI DI LINGUISTICA
650 _eCodice materia Spics: 3207
942 _cBK
957 _71
999 _c40100
_d40100
999 _bSI
999 _g1